50 Biggest US and Canadian Cities - Statistics

General Stats
  • This quiz has been taken 2,508 times
  • The average score is 37 of 50
Answer Stats
Hint Answer % Correct
3,822,238 Los Angeles
99%
8,335,897 New York
99%
2,794,356 Toronto
98%
2,665,039 Chicago
97%
2,302,878 Houston
95%
1,299,544 Dallas
94%
662,248 Vancouver
94%
1,762,949 Montreal
93%
808,437 San Francisco
92%
737,015 Seattle
92%
650,706 Boston
91%
1,576,258 Philadelphia
89%
1,644,409 Phoenix
88%
1,381,162 San Diego
88%
671,803 Washington DC
87%
499,127 Atlanta
86%
620,376 Detroit
85%
1,306,784 Calgary
84%
635,067 Portland
84%
974,447 Austin
83%
713,252 Denver
83%
1,010,899 Edmonton
83%
1,472,909 San Antonio
82%
1,017,449 Ottawa
81%
656,274 Las Vegas
80%
971,319 Jacksonville
79%
683,622 Nashville
75%
971,233 San Jose
75%
880,621 Indianapolis
74%
549,459 Quebec City
74%
897,720 Charlotte
72%
569,931 Baltimore
71%
907,971 Columbus
71%
509,297 Kansas City
71%
621,056 Memphis
71%
694,800 Oklahoma City
68%
528,001 Sacramento
68%
749,607 Winnipeg
67%
563,305 Milwaukee
62%
678,815 El Paso
59%
956,709 Fort Worth
57%
561,008 Albuquerque
53%
624,444 Louisville
51%
546,574 Tucson
49%
545,564 Fresno
43%
569,353 Hamilton
37%
512,498 Mesa
30%
717,961 Mississauga
30%
656,480 Brampton
16%
568,322 Surrey
14%
No matching quizzes found
Score Distribution
Percent of People with Each Score
Percentile by Number Answered
Your Score History
You have not taken this quiz